Pastoral que el illmo. y rvmo. señor Dr. D. Mariano Casanova, arzobispo de Santiago de Chile, dirige al clero y fieles de la arquidiócesis al volver de la Visita Ad Limina Apostolorum
محفوظ في:
| المؤلف الرئيسي: | |
|---|---|
| التنسيق: | كتاب |
| اللغة: | الإسبانية |
| منشور في: |
Santiago
Imprenta Católica de Manuel Infante
1890
|
| الطبعة: | 1a. ed |
| الموضوعات: | |
| الوسوم: |
إضافة وسم
لا توجد وسوم, كن أول من يضع وسما على هذه التسجيلة!
|
MARC
| LEADER | 00000nam a2200000 a 4500 | ||
|---|---|---|---|
| 001 | UCJ6205 | ||
| 003 | CL-VaPUC | ||
| 008 | 070124e18900000CL |||||||||||||||||spa|d | ||
| 082 | 0 | 4 | |a 282 |b CAS |2 21 |
| 100 | 0 | |a Casanova, Mariano |e author |9 393477 | |
| 245 | 1 | 0 | |a Pastoral que el illmo. y rvmo. señor Dr. D. Mariano Casanova, arzobispo de Santiago de Chile, dirige al clero y fieles de la arquidiócesis al volver de la Visita Ad Limina Apostolorum |
| 250 | |a 1a. ed | ||
| 300 | |a 14 p | ||
| 942 | |c BK | ||
| 945 | |d 20070124 00:00:00 |a rinostro | ||
| 260 | |a Santiago |b Imprenta Católica de Manuel Infante |c 1890 | ||
| 500 | |a Escudo de León XIII. Empastado junto a otros escritos del mismo autor en un volumen rotulado Casanova-Pastorales; ubicación 282 CAS | ||
| 650 | 0 | |a Iglesia Católica |9 256114 | |
| 650 | 7 | |a OBISPOS CHILENOS |2 CL-VaPUC |9 512595 | |
| 650 | 7 | |a DOCUMENTOS EPISCOPALES |2 CL-VaPUC |9 481329 | |
| 583 | |a last modification |c 20070124 00:00:00 |k Rodrigo Vera | ||
| 999 | |c 322313 |d 322311 | ||
| 952 | |0 0 |1 0 |4 0 |6 282_000000000000000_CAS_1890 |7 0 |8 X |9 401279 |a FDOBUD |b FDOBUD |d 2019-11-22 |i 1045172 |o 282 CAS 1890 |p 1045172 |r 2019-11-22 |w 2019-11-22 |y BK_X |k BUD | ||